000
00283nam a22001337a 4500
008
170331b xxu||||| |||| 00| 0 eng d
020
_a
0892033320
041
_a
eng
080
_a
617
100
_a
8
101
_a
SHM
245
_a
SPORTS MEDICINE 3
_c
GARRICK, J.G
942
_2
udc
_c
BK
999
_c
9308
_d
9308